00770nam a2200217Ia 4500003000900000008004100009040001300050040001300063041000800076100002200084245011300106250002000219260001700239260000900256300001200265490004600277490000800323942000700331999001700338952019700355IT-RoPAU120407s9999 xx 000 0 und d aIT-RoPAU cIT-RoPAU aita aEmilio De Marchi  aI dintorni di Milano. Demetrio Pianelli. In “Narratori dell’Ottocento e del primo Novecento” Vol IV . aMilano - Napoli aR. Ricciardi c1966 c22,5 cm a La Letteratura Italiana. Storia e Testi v644 cBK c14102d14102 00102ddc406858_36400000000000071aPAULUSbPAULUSd2012-04-11l0o858.364r2012-04-11 00:00:00w2012-04-11yBKzInserito da: Mario In data: 06 agosto 2011 fondo: Via A.Severo 56 Progr:10798